000 00930nam a2200253 a 4500
001 000005225
003 OSt
005 20200929151620.0
008 090818s1986 sp 000 0 spa d
020 _a8400063910
040 _aDO-SdBNP
_bspa
_cBNPHU
082 _a230
_bD637c
245 0 0 _aDoctrina cristiana y catecismo para instrucción de los indios :
_bintroducción del genocidio a la promoción del indio /
_cdirección Luciano Pereña.
260 _aMadrid, España :
_bCSIC,
_c1986.
300 _a262 p. ;
_c22 cm.
490 1 _aCorpus Hispanorum de Pace
_v26
504 _aIncluye referencias bibliográficas y notas al pie de las páginas
650 4 _aCatecismo
_914909
650 4 _aEducaciòn religiosa
_xLibros de texto
_914910
700 1 _aPereña, Luciano,
_edir.
_914911
710 1 _aConsejo Superior de Investigaciones Cientificas
_94786
830 0 _aCorpus Hispanorum de Pace
_n26
_914912
942 _2ddc
_cLF1
999 _c5026
_d5026